00828nam a2200193 a 4500003000200000005001700002008004100019050003800060100002900098245012200127260009000249300004500339504004300384650002900427650003600456650004000492650005200532650005000584020250321155556.0060801s19uu xx 00 eng d aPGS HQ 755.86.S66.F35b.L425 2006 aLaxa, Franchesca-Anne C. aThe effects of parent's smoking on family relationships of grade six students of S.I.S.C. /cFranchesca-Anne C. Laxa. aLas Piñas City, Philippines :bSouthville International School and Colleges,c2006. a41 pages : billustrations ; c28 cm.  aIncludes bibliographical references.  aSmokingvSocial aspects  aSmokingvPsychological aspects. aParental behaviorvHealth aspects.  aParent-child relationshipsvHealth influences.  aFamiliesvEffect of smoking on relationships.